Pokémon - Les attaques de Gardevoir - Statistiques

Statistiques générales
  • Ce quiz a été pris 31 fois
  • Le résultat moyen est 11 sur 20
Statistiques - réponses
Niveaux Types Noms des attaques % Correct
Niveau 42 Psy Psyko
95%
Départ Évolution Fée Éclat Magique
91%
Départ Psy Choc Mental
77%
Départ Fée Pouvoir Lunaire
77%
Niveau 18 Psy Rafale Psy
73%
Départ Fée Charme
64%
Niveau 35 Psy Plénitude
64%
Départ Fée Voix Enjôleuse
64%
Niveau 63 Psy Prescience
59%
Départ Normal Rugissement
59%
Niveau 15 Psy Téléport
55%
Niveau 23 Eau Fontaine de Vie
50%
Niveau 9 Psy Hypnose
41%
Niveau 12 Fée Vampibaiser
41%
Niveau 56 Psy Dévorêve
36%
Départ Normal Reflet
32%
Départ Fée Champ Brumeux
27%
Niveau 28 Normal Vœu
27%
Départ Psy Vœu Soin
23%
Niveau 49 Psy Vibra Soin
9%
Aucun quiz correspondant
Distribution des résultats
% des personnes avec chaque résultat
Percentile par nombre de réponses
Votre historique - résultats
Vous n’avez pas pris ce quiz